Clinical optometry

Bibliographic Details
Format: Electronic Journal
Language:English
Published: [Auckland, N.Z.] : Dove Medical Press, [2009]-
Subjects:
Online Access:Full text available from Research Library: 01/01/2009 to present

MARC

LEADER 00000nas a2200000 a 4500
001 ssj0000800419
003 WaSeSS
005 20200512172242.0
006 m d
007 cr n
008 090421c20099999nz x p s 0 a0eng c
010 |a  2012247799 
016 7 |a 2587459-7  |2 DE-600 
016 7 |a 101730504  |2 DNLM 
022 |a 1179-2752  |l 1179-2752 
035 |a (WaSeSS)ssj0000800419 
040 |a NZ1  |b eng  |c NZ1  |d OCLCQ  |d HEBIS  |d NTE  |d OCLCQ  |d PFM  |d CUS  |d OCLCF  |d CUS  |d OCLCO  |d EUW  |d OCLCO  |d OCLCQ  |d OCLCO  |d UAB  |d LIP  |d OCLCO  |d XFH  |d WT2  |d OCLCQ  |d WY@  |d OCLCQ  |d CRU  |d NLM  |d OCLCO  |d OCLCQ  |d STF  |d OCLCQ  |d AU@  |d CASUM  |d OCLCA  |d OCLCQ  |d RDF  |d OCLCQ  |d WaSeSS 
042 |a pcc 
050 4 |a RE1 
060 0 0 |a W1 
082 0 4 |a 617.75005  |2 22 
210 1 |a Clin. optom.  |b (Auckl.) 
210 1 0 |a Clin Optom (Auckl)  |2 dnlm 
222 0 |a Clinical optometry  |b (Auckland) 
245 0 0 |a Clinical optometry  |h [electronic resource]. 
260 |a [Auckland, N.Z.] :  |b Dove Medical Press,  |c [2009]- 
310 |a Irregular 
362 1 |a Began with v, 1 (2009). 
506 |a License restrictions may limit access. 
515 |a Articles added irregularly during the year and collected into annual issues. 
588 0 |a Volume 1 (2009); title from issue home page (publisher's Web site, viewed August 13, 2018). 
588 1 |a Volume 10 (2018) (viewed August 13, 2018). 
650 0 |a Optometry  |v Periodicals. 
650 1 2 |a Optometry. 
650 7 |a Optometry.  |2 fast  |0 (OCoLC)fst01046944 
655 0 |a Electronic journals. 
856 4 0 |z Full text available from Research Library: 01/01/2009 to present  |u https://search.proquest.com/publication/3933182